000 01317cam a22003737a 4500
003 CHAP
005 20220817043335.0
008 971013s1979 r 00010 d
010 _a72564
011 _a73536
035 _a83094
040 _cCHAP
090 _aFolleto 5645
100 0 0 _aBarajas Morales, Josefina.
_910044
245 1 3 _aLa madera y su uso en la construcción ; estructura e identificación
260 _aXalapa, Ver. :
_bInstituto Nacional de Investigaciónes sobre Recursos Bióticos,
_c1979
300 _a70 p.
_b: ilus.
490 3 _aLa madera y su uso en la construcción
_v; 3
590 _aBATCH-UPD
_b10
_c20130110
_lUCH01
_h0333
590 _aBATCH-UPD
_b10
_c20130110
_lUCH01
_h1715
590 _aBATCH-UPD
_b10
_c20130410
_lUCH01
_h0006
590 _aBATCH-UPD
_b10
_c20130914
_lUCH01
_h0845
590 _aCONVERSION
_b10
_c20130109
_lUCH01
_h1340
650 1 4 _aMadera para construcción.
_969663
650 1 4 _aMadera
_xEstructura.
_969607
650 1 4 _aMadera
_xIdentificación.
_969611
650 1 4 _aMadera
_xPropiedades y usos.
_969621
700 0 _aCarmona Valdovinos, Tomás Fernando.
_919047
700 0 _aEchenique Manrique, Ramón.
830 3 _aLa madera y su uso en la construcción
_v; 3
_964233
901 _aBK
942 _cTESIS
949 _bBC
_cTES
_d-37450
_eTS1
_i83094
_si
999 _c72564
_d72564